Un mundo desconocido o viajes contemporáneos por Méjico (Record no. 2686)

MARC details
000 -CABECERA
campo de control de longitud fija 00900nam a2200229 a 4500
001 - NÚMERO DE CONTROL
campo de control BRCA_2947
005 - FECHA Y HORA DE LA ÚLTIMA TRANSACCIÓN
campo de control 20190320204036.0
008 - DATOS DE LONGITUD FIJA--INFORMACIÓN GENERAL
campo de control de longitud fija 161208s1887----sp-a---###---#000-0#spa-u
050 #4 - SIGNATURA TOPOGRÁFICA DE LA BIBLIOTECA DEL CONGRESO
Número de clasificación F1211.D9
Número de documento/Ítem .D97 1887
100 1# - ENTRADA PRINCIPAL--NOMBRE DE PERSONA
Nombre de persona Duplessis, Paul
Fechas asociadas al nombre 1815-1865
9 (RLIN) 8196
245 10 - MENCIÓN DE TÍTULO
Título Un mundo desconocido o viajes contemporáneos por Méjico
Mención de responsabilidad, etc. de Pablo Duplessis ; traducidos por José Leren y Moreno.
260 ## - PUBLICACIÓN, DISTRIBUCIÓN, ETC.
Lugar de publicación, distribución, etc. Madrid
Nombre del editor, distribuidor, etc. La Correspondencia de España
Fecha de publicación, distribución, etc. 1861
300 ## - DESCRIPCIÓN FÍSICA
Extensión 1 v. (en varias paginaciones)
Otras características físicas il.
Dimensiones 16 cm.
500 ## - NOTA GENERAL
Nota general B102
505 0# - NOTA DE CONTENIDO CON FORMATO
Nota de contenido con formato La gemma / Paul Feval ; Cuentos escogidos / de varios autores ; Rolando Piede Hierro / por Paul Feval ; El capitan Espartaco / por Paul Feval.
650 14 - PUNTO DE ACCESO ADICIONAL DE MATERIA--TÉRMINO DE MATERIA
Término de materia o nombre geográfico como elemento de entrada Viajeros franceses
9 (RLIN) 7982
650 14 - PUNTO DE ACCESO ADICIONAL DE MATERIA--TÉRMINO DE MATERIA
Término de materia o nombre geográfico como elemento de entrada Literatura francesa
9 (RLIN) 8197
651 #4 - PUNTO DE ACCESO ADICIONAL DE MATERIA--NOMBRE GEOGRÁFICO
Nombre geográfico México
Subdivisión general Descripción y viajes
9 (RLIN) 103
700 1# - PUNTO DE ACCESO ADICIONAL--NOMBRE DE PERSONA
Nombre de persona Leren y Moreno, José
Término indicativo de función/relación tr
9 (RLIN) 8198
902 ## - CATALOGADOR
Iniciales GFM
942 ## - ELEMENTOS DE PUNTO DE ACCESO ADICIONAL (KOHA)
Fuente del sistema de clasificación o colocación Library of Congress Classification
Tipo de ítem Koha Libros
Holdings
Estado de retiro Estado de pérdida Estado dañado No para préstamo Localización permanente Ubicación/localización actual Fecha de adquisición Número de inventario Total de préstamos Signatura topográfica completa Código de barras Fecha visto por última vez Precio válido a partir de Tipo de ítem Koha
El ejemplar forma parte de la colección y puede ser consultado según las políticas vigentes.       Biblioteca del Museo Franz Mayer (Rogerio Casas-Alatriste) Biblioteca del Museo Franz Mayer (Rogerio Casas-Alatriste) 16/12/2008 B102   F1211.D9 .D97 1887 (B102) 2944 22/03/2019 22/03/2019 Libros